000 00653nam a22002175i 4500
001 169044
003 ES-MaACL
005 20230906213955.0
008 080804s2000 sp |||| | spa d
020 _a84-7962-161-3
080 _a821.134.2(728.5)-14"19"
100 1 _aZepeda-Henríquez, Eduardo.
_9118193
245 1 0 _aConcierto Nacional de la gesta de Sandino /
_cEduardo Zepeda-Henríquez.
260 _aMadrid :
_bVerbum,
_c[2000]
300 _a75 p. ;
_c28 cm.
490 1 _aVerbum poesía
500 _aRetrato fot. del autor.
830 0 _aVerbum poesía
_9179410
852 4 _aES-MaACL
_jL-29597
_9R.142947
999 _c169044
_d169044